Statistics for Johnny's Geography #3

Click here to take the quiz!

General Stats

  • This quiz has been taken 1,542 times
  • The average score is 13 of 20

Answer Stats

Hint Answer % Correct
What is the capital of Poland?Warsaw
96%
In its native language, which city is called Lisboa?Lisbon
90%
In which country is Mecca located?Saudi Arabia
84%
Shakira, Gabriel Garcia Marquez, and Joe Arroyo are from which country?Colombia
84%
Bali is located in which country?Indonesia
80%
Everglades National Park is located in which US state?Florida
77%
The majority of Sikhs live in which country?India
76%
What is the capital of Iceland? (this is a spelling test)Reykjavik
74%
In which city was pizza invented?Naples
72%
In which city is the United Nations headquarters located?New York City
70%
Yulia Tymoshenko, Viktor Yanukovych, and Viktor Yushchenko are
politicians from which country?
Ukraine
69%
Which well known Mexican border town is located just several miles south of San Diego?Tijuana
65%
The Petronas Towers are located in which city?Kuala Lumpur
60%
In which city is Bondi Beach located?Sydney
60%
What is the largest Chinese gambling destination?Macau
55%
Nur-Sultan is the capital of which country?Kazakhstan
53%
The movie, The Last King of Scotland, shows the life of Idi Amin in which country?Uganda
53%
Luanda is the largest city in which oil rich African nation?Angola
52%
San Pedro Sula has often been listed as the murder capital of the world.
In which country is this?
Honduras
43%
What alliterative cocktail was invented in the Raffles Hotel in Singapore?Singapore Sling
32%

Score Distribution

Percentile by Number Answered

Percent of People with Each Score

Your Score History

You have not taken this quiz